El Ruwenzori (Record no. 63873)
[ view plain ]
| 000 -LEADER | |
|---|---|
| campo de control de longitud fija | 00886nam a2200205 i 4500 |
| 001 - NÚMERO DE CONTROL | |
| campo de control | 63873 |
| 003 - IDENTIFICADOR DE NÚMERO DE CONTROL | |
| campo de control | ES-MaACL |
| 005 - FECHA Y HORA DE LA ÚLTIMA TRANSACCIÓN | |
| campo de control | 20230906165005.0 |
| 007 - CAMPO FIJO DE DESCRIPCIÓN FÍSICA--INFORMACIÓN GENERAL | |
| campo de control de longitud fija | t| |
| 008 - DATOS DE LONGITUD FIJA--INFORMACIÓN GENERAL | |
| campo de control de longitud fija | 031217s1909 sp ||||1| spa d |
| 100 1# - ENTRADA PRINCIPAL--NOMBRE DE PERSONA | |
| Nombre de persona | Filippi, Felippo de. |
| 9 (RLIN) | 50843 |
| 245 13 - MENCIÓN DEL TÍTULO | |
| Título | El Ruwenzori |
| Resto del título | : viaje de exploración y primeras ascensiones a esta cordillera [efectuado bajo la dirección de] S. A. R. el Príncipe Luis Amadeo de Saboya, duque de los Abruzzos / |
| Mención de responsabilidad, etc. | Felippo de Filippi ; ilustrado por Víctor Sella ; versión castellana de Enrique Tedeschi. |
| 260 ## - PUBLICACIÓN, DISTRIBUCIÓN, ETC. | |
| Lugar de publicación, distribución, etc. | Madrid : |
| Nombre del editor, distribuidor, etc. | Sucesores de Rivadeneyra, |
| Fecha de publicación, distribución, etc. | 1909. |
| 300 ## - DESCRIPCIÓN FÍSICA | |
| Extensión | VIII, 362 p., 34 lám. : |
| Otras características físicas | il. ; |
| Dimensiones | 26 cm. |
| 650 #4 - PUNTO DE ACCESO ADICIONAL DE MATERIA--TÉRMINO DE MATERIA | |
| Término de materia o nombre geográfico como elemento de entrada | Expediciones científicas- |
| Subdivisión geográfica | África central. |
| 9 (RLIN) | 170362 |
| 651 #4 - PUNTO DE ACCESO ADICIONAL DE MATERIA--NOMBRE GEOGRÁFICO | |
| Nombre geográfico | África central- |
| Subdivisión general | Descripción. |
| 9 (RLIN) | 155240 |
| 700 1# - ENTRADA AGREGADA--NOMBRE PERSONAL | |
| Nombre de persona | Sella, Victor. |
| 9 (RLIN) | 105321 |
| 700 1# - ENTRADA AGREGADA--NOMBRE PERSONAL | |
| Nombre de persona | Tedeschi, Enrique. |
| 9 (RLIN) | 109505 |
| 852 ## - LOCALIZACIÓN | |
| Ubicación | ES-MaACL |
| Número de control de estantería | C-109 |
| Estatus retirado | Estado de pérdida | Estado de daño | No para préstamo | Biblioteca de origen | Biblioteca actual | Ubicación en estantería | Fecha de adquisición | Fuente de adquisición | Total de préstamos | Signatura topográfica completa | Código de barras | Visto por última vez | Precio de reemplazo | Tipo de ítem Koha |
|---|---|---|---|---|---|---|---|---|---|---|---|---|---|---|
| Biblioteca del Ateneo de Madrid | Biblioteca del Ateneo de Madrid | Sala Palomar | 17/01/2008 | C-109 | 1066939 | 23/02/2023 | 23/02/2023 | Libro impreso |
